000
00329nam a2200133Ia 4500
008
240624s9999 xx 000 0 und d
041
_a
eng
082
_a
303.48 SUN
100
_a
SUNSTEIN R CASS
245
_a
REPUBLIC
260
_c
2017
_a
USA
_b
Princeton University Press
300
_a
xi, : 310 p. : cm. : 23.
365
_c
_b
33
999
_c
32736
_d
32736